<?xml version="1.0" encoding="UTF-8"?>
<record
    xmlns:xsi="http://www.w3.org/2001/XMLSchema-instance"
    xsi:schemaLocation="http://www.loc.gov/MARC21/slim http://www.loc.gov/standards/marcxml/schema/MARC21slim.xsd"
    xmlns="http://www.loc.gov/MARC21/slim">

  <leader>01234njm a2200277uu 4500</leader>
  <controlfield tag="001">1363263</controlfield>
  <controlfield tag="005">20260508084739.0</controlfield>
  <controlfield tag="007">sd||||g|</controlfield>
  <controlfield tag="008">140317                             spa  </controlfield>
  <datafield tag="035" ind1=" " ind2=" ">
    <subfield code="a">1363263</subfield>
  </datafield>
  <datafield tag="040" ind1=" " ind2=" ">
    <subfield code="c">comduadb</subfield>
  </datafield>
  <datafield tag="041" ind1=" " ind2=" ">
    <subfield code="a">spa</subfield>
  </datafield>
  <datafield tag="080" ind1=" " ind2=" ">
    <subfield code="a">D/CD</subfield>
  </datafield>
  <datafield tag="110" ind1="2" ind2="0">
    <subfield code="a">Antioquia (Colombia). Gobernaci&#xF3;n</subfield>
    <subfield code="4">aut</subfield>
    <subfield code="e">aut</subfield>
  </datafield>
  <datafield tag="245" ind1="1" ind2="0">
    <subfield code="a">Protege mis derechos</subfield>
  </datafield>
  <datafield tag="300" ind1=" " ind2=" ">
    <subfield code="a">1 CD-ROM</subfield>
  </datafield>
  <datafield tag="490" ind1="0" ind2=" ">
    <subfield code="a">Cuenta la vida</subfield>
  </datafield>
  <datafield tag="505" ind1=" " ind2=" ">
    <subfield code="a">CONTENIDO: 1.Deserci&#xF3;n.--2.Tr&#xE1;fico de armas.--3.Campa&#xF1;a de prevenci&#xF3;n.-- 4.Violencia intrafamiliar.--5.Apoyo psicosocial.--6.Ni&#xF1;os, ni&#xF1;as y adolescentes en grupos armados ilegales.--7.Qu&#xE9; hace la administraci&#xF3;n municipal.--8.Signos de alarma.--9.Tomando medidas.--10.Vinculaci&#xF3;n forzada a grupos ilegales.--11.Explotaci&#xF3;n sexual.--12.El papel de la familia.--13.Cu&#xF1;a radial #1.--14.Cu&#xF1;a radial #2.--15.Cu&#xF1;a radial #3.--16.Canci&#xF3;n Cuenta la Vida - Anklar.</subfield>
  </datafield>
  <datafield tag="650" ind1=" " ind2="7">
    <subfield code="a">Derechos del ni&#xF1;o</subfield>
    <subfield code="2">lemb</subfield>
    <subfield code="9">6215</subfield>
  </datafield>
  <datafield tag="650" ind1=" " ind2=" ">
    <subfield code="a">Proteccion de menores</subfield>
    <subfield code="9">55655</subfield>
  </datafield>
  <datafield tag="650" ind1=" " ind2=" ">
    <subfield code="a">Ni&#xF1;os y adultos</subfield>
    <subfield code="9">9023</subfield>
  </datafield>
  <datafield tag="650" ind1=" " ind2="7">
    <subfield code="a">Adolescentes</subfield>
    <subfield code="2">lemb</subfield>
    <subfield code="9">66395</subfield>
  </datafield>
  <datafield tag="710" ind1="2" ind2="0">
    <subfield code="a">Universidad de Antioquia</subfield>
    <subfield code="4">aut</subfield>
    <subfield code="e">aut</subfield>
  </datafield>
  <datafield tag="710" ind1="2" ind2="0">
    <subfield code="a">Fondo de las Naciones Unidas para la Infancia</subfield>
    <subfield code="4">aut</subfield>
    <subfield code="e">aut</subfield>
    <subfield code="9">823846</subfield>
  </datafield>
  <datafield tag="942" ind1=" " ind2=" ">
    <subfield code="c">BOOK</subfield>
  </datafield>
  <datafield tag="999" ind1=" " ind2=" ">
    <subfield code="c">674793</subfield>
    <subfield code="d">674793</subfield>
  </datafield>
  <datafield tag="952" ind1=" " ind2=" ">
    <subfield code="0">0</subfield>
    <subfield code="1">0</subfield>
    <subfield code="4">0</subfield>
    <subfield code="7">0</subfield>
    <subfield code="8">DIGITAL</subfield>
    <subfield code="a">CISH</subfield>
    <subfield code="b">CISH</subfield>
    <subfield code="d">2014-03-17</subfield>
    <subfield code="e">Material adquirido por donaci&#xF3;n</subfield>
    <subfield code="i">C1199596</subfield>
    <subfield code="l">0</subfield>
    <subfield code="o">D/CD-10157</subfield>
    <subfield code="p">15985327</subfield>
    <subfield code="r">2023-05-02 00:00:00</subfield>
    <subfield code="t">1</subfield>
    <subfield code="w">2023-05-02</subfield>
    <subfield code="y">DIGITAL</subfield>
  </datafield>
</record>
